Direct intercalation of poly(vinylpyrrolidone)into kaolinite by a refined guest displacement method (Record no. 45480)

MARC details
000 -LEADER
fixed length control field 00466nam a2200157Ia 4500
100 ## - MAIN ENTRY--AUTHOR NAME
Personal name Komori Yoshihiko
245 #0 - TITLE STATEMENT
Title Direct intercalation of poly(vinylpyrrolidone)into kaolinite by a refined guest displacement method
260 ## - PUBLICATION, DISTRIBUTION, ETC. (IMPRINT)
Name of publisher Chemistry of Materials
Year of publication 1999
300 ## - PHYSICAL DESCRIPTION
Number of Pages 6-Mar
650 ## - SUBJECT ADDED ENTRY--TOPICAL TERM
Topical Term Intercalation
650 ## - SUBJECT ADDED ENTRY--TOPICAL TERM
Topical Term Kaolinite
700 ## - ADDED ENTRY--PERSONAL NAME
Personal name Kuroda Kazuyuki
700 ## - ADDED ENTRY--PERSONAL NAME
Personal name Sugahara Yoshiyuki
942 ## - ADDED ENTRY ELEMENTS (KOHA)
Koha item type Reprints
Holdings
Withdrawn status Lost status Damaged status Not for loan Home library Current library Shelving location Date acquired Serial Enumeration / chronology Accession Number Koha item type
      Reprints RRII Library RRII Library Rubber chemistry 22/12/2021 Volume 11, Issue P01488 Reprints